| 000 | 00404pab a2200157 454500 | ||
|---|---|---|---|
| 008 | 180718b1987 xxu||||| |||| 00| 0 eng d | ||
| 100 | _aCain, Bruce C. | ||
| 245 | _aPredicting partisan redistricting disputs | ||
| 260 | _c1987 | ||
| 300 | _a265-74 | ||
| 362 | _aMay | ||
| 650 | _aVoting Districts - U.S.A. | ||
| 700 | _aJanet C. Compagre | ||
| 773 | _aLegislative Studies Quarterly | ||
| 909 | _a20331 | ||
| 999 |
_c20331 _d20331 |
||